000 00597nam a22002177a 4500
005 20260515115048.0
008 250227b |||||||| |||| 00| 0 eng d
020 _a9789358492637
040 _aIN-DiNC
_cIN-DiNC
041 _deng
082 _a301.0954
_bBHU
100 _aby Bhuyan, Dilip Kumar
_eauthor
245 _aSociology of India-II (MAJOR 5)
_cby Dilip Kumar Bhuyan
250 _a1st ed.
260 _aDibrugarh:
_bBanalata,
_c2024.
300 _a274p.
650 _aIdeas of India
700 _aMoushumi Bordoloi
_eauthor
700 _aAyousree Dowara
_eauthor
942 _2ddc
_cBK
999 _c12043
_d12043